| 000 | 00444nam a22001697a 4500 | ||
|---|---|---|---|
| 005 | 20180810150002.0 | ||
| 008 | 160503b xxu||||| |||| 00| 0 eng d | ||
| 020 | _a81-242-0169-2 | ||
| 041 | _aeng | ||
| 082 |
_b1167 _a658.3 |
||
| 100 |
_aDALE, MARGARET _91851 |
||
| 245 | _aTHE ART OF HRD: Successful recruitment and selection. (vol-1) | ||
| 260 |
_bCrest Publishing house _c2001 |
||
| 300 | _a317p, | ||
| 650 |
_aManagement _9241 |
||
| 942 | _cBK | ||
| 999 |
_c460 _d460 |
||